书目信息 |
| 题名: |
外国学者论亚细亚生产方式
|
|
| 作者: | 郝镇华 编 | |
| 分册: | 下 | |
| 出版信息: | 北京 中国社会科学出版社 1981.12 |
|
| 页数: | 379页 | |
| 开本: | 19cm | |
| 丛书名: | ||
| 单 册: | ||
| 中图分类: | F02 | |
| 科图分类: | ||
| 主题词: | 前资本主义社会--生产方式 | |
| 电子资源: | ||
| ISBN: | ||
| 000 | 00594nam0 2200205 45 | |
| 001 | 0205120922 | |
| 005 | 20040421143652.6 | |
| 010 | @dCNY2.70 | |
| 091 | @a3190.021 | |
| 100 | @a20020512d1981 km y0chiy0120 ea | |
| 101 | 0 | @achi |
| 105 | @a z 000yy | |
| 200 | 1 | @a外国学者论亚细亚生产方式@AWai Guo Xue Zhe Lun Ya Xi Ya Sheng Chan Fang Shi@h下@f郝镇华编@FHao ZhenHua Bian |
| 210 | @a北京@c中国社会科学出版社@d1981.12 | |
| 215 | @a379页@d19cm | |
| 606 | 0 | @a前资本主义社会@x生产方式 |
| 690 | @aF02@v3 | |
| 701 | 0 | @a郝镇华@4编 |
| 801 | @aCN@bTSTC@c20020512 | |
| 905 | @dF02@e10:2@f1@b216123 | |
| 外国学者论亚细亚生产方式.下/郝镇华编.-北京:中国社会科学出版社,1981.12 |
| 379页;19cm |
| ISBN :CNY2.70 |
| ● |
| 相关链接 |
|
|
|
|
正题名:外国学者论亚细亚生产方式
索取号:F02/10:2
 
预约/预借
| 序号 | 登录号 | 条形码 | 馆藏地/架位号 | 状态 | 备注 |
| 1 | 0064411 | 001773913 | 密集书库/ [索取号:F02/10:2] | 在馆 | |
| 2 | 0064412 | 000194694 | 密集书库/ [索取号:F02/10:2] | 在馆 | |
| 3 | 0216123 | 001270895 | 密集书库/ [索取号:F02/10:2] | 在馆 | |
| 4 | 0216124 | 000194710 | 密集书库/ [索取号:F02/10:2] | 在馆 | |
| 5 | 0216125 | 000194729 | 密集书库/ [索取号:F02/10:2] | 在馆 | |
| 6 | 0230923 | 001788435 | 密集书库/ [索取号:F02/10:2] | 在馆 | |
| 7 | 0230924 | 001788391 | 密集书库/ [索取号:F02/10:2] | 在馆 | |
| 8 | 0230925 | 001788355 | 密集书库/ [索取号:F02/10:2] | 在馆 |